Использование генетических алгоритмов для решения задач реконструкции физических полей по данным внешних измерений на ТОКАМАКе КТМ; Университетская научно-практическая отчетная конференция студентов и молодых ученых; 14-16 мая 2003, г. Томск

Detaylı Bibliyografya
Parent link:Университетская научно-практическая отчетная конференция студентов и молодых ученых; 14-16 мая 2003, г. Томск.— 2003.— С. 34-35
Yazar: Федотов Е. В.
Dil:Rusça
Baskı/Yayın Bilgisi: 2003
Konular:
Materyal Türü: Kitap Bölümü
KOHA link:https://koha.lib.tpu.ru/cgi-bin/koha/opac-detail.pl?biblionumber=108027

MARC

LEADER 00000naa2a2200000 4500
001 108027
005 20231031115508.0
035 |a (RuTPU)RU\TPU\book\116620 
090 |a 108027 
100 |a 20070111d2003 k y0rusy50 ca 
101 0 |a rus 
102 |a RU 
200 1 |a Использование генетических алгоритмов для решения задач реконструкции физических полей по данным внешних измерений на ТОКАМАКе КТМ  |f Е. В. Федотов 
463 0 |0 (RuTPU)RU\TPU\book\62675  |y 5-98298-044-7  |t Университетская научно-практическая отчетная конференция студентов и молодых ученых; 14-16 мая 2003, г. Томск  |o Сборник тезисов  |f Томский политехнический университет. Физико-технический факультет  |v С. 34-35  |d 2003  |p 58 с. 
610 1 |a алгоритмы 
610 1 |a генетические алгоритмы 
610 1 |a физические поля 
610 1 |a измерения 
610 1 |a ТОКАМАКИ 
610 1 |a труды учёных ТПУ 
700 1 |a Федотов  |b Е. В. 
801 1 |a RU  |b 63413507  |c 20070111  |g PSBO 
801 2 |a RU  |b 63413507  |c 20141202  |g RCR 
942 |c BK